One Piece par la lettre G - Statistiques

Statistiques générales
  • Ce quiz a été pris 172 fois
  • Le résultat moyen est 8 sur 15
Statistiques - réponses
Indice Réponse % Correct
Fruit de Luffy Fruit du gum gum
88%
Coincé dans un coffre Gaimon
88%
Sanji l'a nourri sur le Baratie Gyn
81%
Compagnie de charpentiers Galley la compagnie
74%
Mr 3 Galdino
70%
Prédécesseur d'Ener Gan forr
50%
Membre de la Don Quichotte family Gladius
47%
Robot construit par Franky Général Franky
41%
Chapeau au moulinet Genzo
39%
Au service d'Ener Gedatsu
38%
A mangé le smile de la gazelle Gazelleman
37%
Mr 5 Gem
36%
Animal de la Franky family Gomorrhe
29%
Lapin qu'on découvre sur Water Seven Gonbe
23%
Commentateur au Colisée Gatz
17%
Aucun quiz correspondant
Distribution des résultats
% des personnes avec chaque résultat
Percentile par nombre de réponses
Votre historique - résultats
Vous n’avez pas pris ce quiz